00560nam a2200157 a 450000100100000000500170001000800410002702000180006804000250008610000300011124500970014126000400023830000210027850000700029950400330036900004041620250206104242.0130823s2013 dr 000 0 spa d a9789945007781 aDO-SdBNPbspacBNPHU1 aMárquez, Carlos,b1953-13aEl gran derrumbe del neoliberalismo :bquiebran Europa y Estados Unidos /cCarlos Márquez. aSanto Domingo :bLa Intrusa,c2013. a308 p. ;c24 cm. aIncluye datos biográficos del autor en la solapa de la cubierta aBibliografía : p. 300- 308